000 004370000a22001690004500
003 MACL
005 20151231173116.0
008 151231b xxu||||| |||| 00| 0 eng d
040 _aMACL
_cMACL
041 _aEnglish
082 _a335.5/GAN
100 _aGandhi, M K
_98264
245 _aTowards Non Viloent Socialism
260 _bNavjivan Publishing House
_c1951
_aAhmedabad
650 _aSocialism
_93063
942 _cBK
_k335.5/Gan
_2ddc
999 _c36673
_d36673